| 000 | 00576nam a2200205Ia 4500 | ||
|---|---|---|---|
| 003 | OSt | ||
| 005 | 20260312120945.0 | ||
| 020 | _a0-7817-4760-0 | ||
| 040 | _cLC | ||
| 050 | _aHQ 21 .W 47 2005 | ||
| 100 | _aWESTHEIMER, RUTH K. | ||
| 245 | 0 | _aHUMAN SEXUALITY: A PSYCHOSOCIAL PERSPECTIVE | |
| 250 | _a2 | ||
| 260 |
_aPHILADELPHIA, _bLIPPINCOTT WILIAMS & WILKINS, _c2005, |
||
| 300 | _aXXVi, 838 P, ILL | ||
| 500 | _aINCLUDES BIBLIOGRAPHICAL REFERENCES AND INDEX | ||
| 650 | _aSex ,Sex (Psychology), Sexual disorders | ||
| 700 | _aLOPATER SANFORD, | ||
| 942 |
_cBK _2lcc |
||
| 999 |
_c158303 _d158303 |
||